000 00249nam a2200109Ia 4500
008 190216s9999||||xx |||||||||||||| ||und||
100 _aSharma & Agarwal
245 0 _aModern Essays
260 _bArun Prakashan
650 _aEnglish
942 _cBK
999 _c13202
_d13202